[Event "Ostrava Konik op"]
[Site "Ostrava"]
[Date "2014.05.03"]
[Round "8"]
[White "Odstrcil, Lukas"]
[Black "Gresova, Zuzana"]
[Result "0-1"]
[WhiteElo "1220"]
[BlackElo "1550"]
[PlyCount "80"]
[EventDate "2014.04.26"]
[EventType "swiss"]
[EventRounds "9"]
[EventCountry "CZE"]
[SourceTitle "CBM 160 Extra"]
[Source "ChessBase"]
[SourceDate "2014.07.01"]
[SourceVersion "1"]
[SourceVersionDate "2014.07.01"]
[SourceQuality "1"]

1. e4 c5 2. Nf3 e6 3. d4 cxd4 4. Nxd4 Nf6 5. Nc3 Nc6 6. Be3 Bb4 7. Bg5 Qa5 8. Nxc6 Bxc3+ 9. Bd2 Bxd2+ 10. Qxd2 Qxd2+ 11. Kxd2 bxc6 12. f3 Rb8 13. b3 d5 14. e5 Nd7 15. f4 f6 16. Re1 Ke7 17. Bd3 Nc5 18. exf6+ gxf6 19. Bf5 Kd6 20. Bh3 e5 21. Bxc8 Rbxc8 22. fxe5+ fxe5 23. Rhf1 Rcf8 24. a3 Rhg8 25. g3 e4 26. Ke3 Ke5 27. Rd1 Ne6 28. c3 c5 29. b4 d4+ 30. cxd4+ cxd4+ 31. Ke2 d3+ 32. Ke3 Nd4 33. a4 Nc2+ 34. Kd2 Kd4 35. b5 Ne3 36. Rxf8 Rxf8 37. Re1 Rf2+ 38. Kc1 d2+ 39. Kb2 dxe1Q+ 40. Kb3 Qc3# 0-1

[Event "Ostrava Konik op"]
[Site "Ostrava"]
[Date "2014.04.30"]
[Round "5"]
[White "Kuchar, Matej"]
[Black "Odstrcil, Lukas"]
[Result "1-0"]
[WhiteElo "1693"]
[BlackElo "1220"]
[PlyCount "61"]
[EventDate "2014.04.26"]
[EventType "swiss"]
[EventRounds "9"]
[EventCountry "CZE"]
[SourceTitle "CBM 160 Extra"]
[Source "ChessBase"]
[SourceDate "2014.07.01"]
[SourceVersion "1"]
[SourceVersionDate "2014.07.01"]
[SourceQuality "1"]

1. e4 e6 2. d4 d5 3. Nc3 Bb4 4. e5 c5 5. a3 Bxc3+ 6. bxc3 Qa5 7. Bd2 Qa4 8. Nf3 Nc6 9. Be2 Nge7 10. Be3 Nf5 11. 0-0 c4 12. Qd2 0-0 13. Bg5 h6 14. Bf4 b6 15. Ra2 Bd7 16. g4 Nfe7 17. Bxh6 Ng6 18. Bg5 Kh7 19. Nh4 Nce7 20. Bxe7 Nxe7 21. Qg5 Rae8 22. f4 Qa5 23. Rf3 Qb5 24. Rh3 Kg8 25. Ra1 Qb2 26. Re1 Qxc2 27. Nf3 Qg6 28. Qh4 f6 29. exf6 Rxf6 30. Qh8+ Kf7 31. Ne5# 1-0